|
|
|
|
| LEADER |
00000cam a2200000 4500 |
| 001 |
vtls011783974 |
| 003 |
SK-MaSNL |
| 005 |
20260426000523.0 |
| 008 |
200507s2018 xr a br 000 p slo |
| 015 |
|
|
|a SNBZSA2020/01
|
| 020 |
|
|
|a 9788075673091
|q (viazané)
|
| 035 |
|
|
|a urn:nbn:sk:snk-am00dx6f
|
| 035 |
|
|
|a urn:nbn:sk:snk-am3i89z
|
| 035 |
|
|
|a 1546214F-676A-47FD-94C1-12EDD2AB13E0
|
| 040 |
|
|
|a SNK
|b slo
|c SNK
|e rda
|
| 041 |
0 |
|
|a slo
|
| 043 |
|
|
|a e-xo---
|
| 044 |
|
|
|a xr
|c CZ
|
| 072 |
|
7 |
|a 821.162.4-1
|x Slovenská poézia
|2 konspekt
|
| 072 |
|
7 |
|a 821-93
|x Literatúra pre deti a mládež (beletria)
|2 konspekt
|
| 072 |
|
7 |
|a (437.6)
|2 2011
|
| 080 |
|
|
|a 821-193
|2 2011
|
| 080 |
|
|
|a 82-1-053.2
|2 2011
|
| 080 |
|
|
|a 821.162.4-1
|2 2011
|
| 245 |
0 |
0 |
|a Slovenské ľudové riekanky
|b veľká kniha
|
| 250 |
|
|
|a 1. vydanie
|
| 264 |
|
1 |
|a Říčany
|b SUN, s.r.o.
|c 2018
|
| 300 |
|
|
|a 157 strán
|b ilustrácie
|c 30 cm
|
| 336 |
|
|
|a text
|b txt
|2 rdacontent
|
| 336 |
|
|
|a statický obraz
|b sti
|2 rdacontent
|
| 337 |
|
|
|a bez média
|b n
|2 rdamedia
|
| 338 |
|
|
|a zväzok
|b nc
|2 rdacarrier
|
| 651 |
|
7 |
|a Slovensko
|2 SNKPHgeo
|9 14231
|
| 651 |
|
7 |
|a Slovakia
|2 SNKPHeng
|9 92630
|
| 655 |
|
7 |
|a riekanky
|2 SNKPH
|9 70648
|
| 655 |
|
7 |
|a Nursery rhymes
|2 SNKPHeng
|9 282496
|
| 655 |
|
7 |
|a Children's literature
|2 SNKPHeng
|9 276039
|
| 655 |
|
7 |
|a poézia pre deti
|2 SNKPH
|9 86748
|
| 655 |
|
7 |
|a Slovak poetry
|2 SNKPHeng
|9 265010
|
| 655 |
|
7 |
|a slovenská poézia
|2 SNKPH
|9 70444
|
| 700 |
1 |
|
|a Izák, Martin
|4 ill
|9 432284
|
| 700 |
1 |
|
|a Izáková, Lenka
|4 ill
|9 432285
|
| 919 |
|
|
|a 978-80-7567-309-1
|
| 958 |
|
|
|a ZS
|
| 958 |
|
|
|a DB
|
| 958 |
|
|
|a LX
|
| 999 |
|
|
|c 858045
|d 859975
|
| 952 |
|
|
|a SNK
|b SNK
|y PREZ
|7 0
|p 17A1360820
|o snkSB 93911
|i snk2019/6257
|8 4
|g 4.89
|0 0
|1 0
|4 0
|d 2018-12-05
|f 1
|l 0
|r 2025-05-15 00:00:00
|w 2026-02-24
|